[Event "III Open B"]
[Site "Omegna ITA"]
[Date "2015.08.08"]
[Round "3"]
[White "Rossi, Emanuele"]
[Black "Buffat, Pierre-andre"]
[WhiteElo "1593"]
[BlackElo "1734"]
[Result "1/2-1/2"]
[PlyCount "74"]
[EventDate "2015.08.07"]

1. e4 b6 2. Nf3 c5 3. Bc4 e6 4. O-O Bb7 5. Nc3 Be7 6. Re1 d6 7. Bb5+ Nd7 8. d4
a6 9. Bxd7+ Qxd7 10. d5 Nf6 11. Bg5 O-O 12. Bxf6 Bxf6 13. e5 dxe5 14. Nxe5 Bxe5
15. Rxe5 Rad8 16. Qg4 exd5 17. Qg3 Rfe8 18. Rae1 Rxe5 19. Rxe5 d4 20. Ne2 Re8
21. Rxe8+ Qxe8 22. h3 g6 23. Nf4 Qe4 24. f3 Qxc2 25. Nh5 Bc8 26. Nf6+ Kg7 27.
Ne4 Qxb2 28. Qe5+ Kh6 29. Qg5+ Kg7 30. Qf6+ Kh6 31. Nd6 Be6 32. Ne8 Qb1+ 33.
Kh2 Qf5 34. Qg7+ Kg5 35. Qxh7 Qf4+ 36. Kg1 Qg3 37. Qg7 Qf4 1/2-1/2

[Event "III Open B"]
[Site "Omegna ITA"]
[Date "2015.08.09"]
[Round "4"]
[White "Balducci, Alessandro"]
[Black "Mantovan, Giuseppe"]
[WhiteElo "1828"]
[BlackElo "1762"]
[Result "0-1"]
[PlyCount "122"]
[EventDate "2015.08.07"]

1. c4 e5 2. Nc3 g6 3. g3 Bg7 4. Bg2 Nc6 5. e4 d6 6. d3 f5 7. Nge2 Nf6 8. O-O
O-O 9. f4 Be6 10. Nd5 Qd7 11. Nec3 Rae8 12. fxe5 dxe5 13. Bg5 Nd8 14. Qd2 c6
15. Nxf6+ Bxf6 16. Bxf6 Rxf6 17. Rad1 Ref8 18. exf5 Bxf5 19. Qe3 Qd4 20. Qxd4
exd4 21. Ne4 Bxe4 22. Rxf6 Rxf6 23. Bxe4 Ne6 24. Kg2 a5 25. a3 Nd8 26. b4 a4
27. c5 Ne6 28. Re1 Nc7 29. Bf3 Nb5 30. Re4 Kf7 31. Bg4 Nxa3 32. Rxd4 Nc2 33.
Rd7+ Kf8 34. Rxb7 a3 35. Ra7 h5 36. Bf3 Ne1+ 37. Kf2 Nxf3 38. Rxa3 Nd4+ 39. Kg2
Kg7 40. Ra8 Nc2 41. Rb8 Ne1+ 42. Kh3 Nxd3 43. Rb6 Ne5 44. Kh4 Nf3+ 45. Kh3 Nd4
46. Kh4 Kh6 47. Kh3 Kg5 48. Kg2 Kf5 49. Rb8 Ke4 50. Kh3 Kd5 51. g4 Kc4 52. gxh5
gxh5 53. Kh4 Rf5 54. h3 Nf3+ 55. Kg3 Ne1 56. Rh8 Nd3 57. Kh4 Kxb4 58. Rxh5
Rxh5+ 59. Kxh5 Nf4+ 60. Kg4 Nxh3 61. Kxh3 Kxc5 0-1

[Event "III Open B"]
[Site "Omegna ITA"]
[Date "2015.08.09"]
[Round "4"]
[White "Buffat, Pierre-andre"]
[Black "Cella, Pietro"]
[WhiteElo "1734"]
[BlackElo "1517"]
[Result "1/2-1/2"]
[PlyCount "174"]
[EventDate "2015.08.07"]

1. Nf3 c5 2. c4 Nc6 3. d4 cxd4 4. Nxd4 g6 5. Nc3 Bg7 6. Nc2 Nf6 7. g3 O-O 8.
Bg2 d6 9. b3 Be6 10. Bb2 Qd7 11. h3 Rab8 12. Nd5 Ne8 13. Bxg7 Kxg7 14. Rc1 Nc7
15. Nxc7 Qxc7 16. O-O Qd7 17. Kh2 a6 18. Nd4 Nxd4 19. Qxd4+ Kg8 20. Rfd1 Rfd8
21. Qh4 Qe8 22. Qh6 b5 23. cxb5 axb5 24. Rd4 Qf8 25. Qd2 Qg7 26. Bd5 Bxd5 27.
Rxd5 Qf6 28. f3 Qe6 29. Rd4 Rdc8 30. Re4 Qf6 31. Rc2 Rxc2 32. Qxc2 Qf5 33. Qc7
Re8 34. Rxe7 Rxe7 35. Qxe7 Qc5 36. Kg2 Qc2 37. Qe8+ Kg7 38. Qxb5 Qxa2 39. Qd3
Qb2 40. Kf2 Qe5 41. b4 Qe6 42. Kg2 d5 43. b5 Kg8 44. e4 dxe4 45. fxe4 Qa2+ 46.
Kf3 Qe6 47. Qd8+ Kg7 48. b6 Qxh3 49. Qd4+ Kg8 50. Qa1 Qh5+ 51. Ke3 Qc5+ 52. Qd4
Qc1+ 53. Kf3 Qf1+ 54. Qf2 Qd3+ 55. Qe3 Qd1+ 56. Qe2 Qb3+ 57. Qe3 Qd1+ 58. Kf4
Qd6+ 59. e5 Qb4+ 60. Kf3 Qb1 61. g4 Qd1+ 62. Kg3 Qb1 63. e6 fxe6 64. Qxe6+ Kf8
65. Qc8+ Ke7 66. b7 Qe1+ 67. Kf3 Qf1+ 68. Ke4 Qe2+ 69. Kd5 Qd3+ 70. Kc5 Qe3+
71. Kb5 Qb3+ 72. Ka6 Qa3+ 73. Kb6 Qb4+ 74. Ka7 Qa4+ 75. Kb8 Kd6 76. Qc7+ Ke6
77. Kc8 Qe8+ 78. Qd8 Qc6+ 79. Kb8 Qa4 80. Qg8+ Kd6 81. Qf8+ Ke6 82. Qc5 Kd7 83.
Qc7+ Ke6 84. Qxh7 Qe8+ 85. Ka7 Qa4+ 86. Kb6 Qb4+ 87. Kc7 Qa5+ 1/2-1/2

[Event "III Open B"]
[Site "Omegna ITA"]
[Date "2015.08.09"]
[Round "4"]
[White "Ciochetta, Giovanni"]
[Black "Nanni, Sergio"]
[WhiteElo "1591"]
[BlackElo "1716"]
[Result "1-0"]
[PlyCount "105"]
[EventDate "2015.08.07"]

1. e4 e5 2. Nf3 Nf6 3. d3 Nc6 4. Be2 Be7 5. O-O O-O 6. Nc3 d5 7. exd5 Nxd5 8.
Nxd5 Qxd5 9. c4 Qd8 10. Bd2 Bf5 11. Bc3 Bf6 12. Re1 Re8 13. h3 Qd7 14. Qc2 Nd4
15. Bxd4 exd4 16. Bf1 c6 17. Nd2 Rad8 18. Rad1 Be7 19. a3 Qd6 20. Ne4 Qg6 21.
Ng3 Bc8 22. Qe2 f5 23. Qf3 Bd6 24. Ne2 Bc7 25. g3 Qd6 26. h4 Qh6 27. Nf4 Qf6
28. Bh3 h6 29. Qh5 Rxe1+ 30. Rxe1 Bd7 31. Qg6 Qf8 32. Ne6 Bxe6 33. Qxe6+ Kh8
34. Qxf5 Qg8 35. Qe6 Qf8 36. Qe7 Bb8 37. Qxf8+ Rxf8 38. Re7 b6 39. f4 g5 40.
hxg5 hxg5 41. fxg5 Bxg3 42. Kg2 Bh4 43. Rxa7 Rf2+ 44. Kh1 Rxb2 45. g6 Bf6 46.
Bf5 Be5 47. Be4 Rd2 48. Ra8+ Kg7 49. Rc8 c5 50. Re8 Bf6 51. Re6 Ra2 52. Rxb6
Rxa3 53. Kg2 1-0

[Event "III Open B"]
[Site "Omegna ITA"]
[Date "2015.08.09"]
[Round "4"]
[White "Faraci, Libero"]
[Black "Panigoni, Giuseppe"]
[WhiteElo "1698"]
[BlackElo "1722"]
[Result "0-1"]
[PlyCount "80"]
[EventDate "2015.08.07"]

1. Nf3 Nf6 2. c4 c5 3. Nc3 e6 4. d4 cxd4 5. Nxd4 Bb4 6. Bd2 O-O 7. Nc2 Bc5 8.
Be3 b6 9. Bxc5 bxc5 10. Qd6 Qb6 11. Nb5 Nc6 12. a4 Qa5+ 13. Qd2 Qxd2+ 14. Kxd2
a6 15. Nd6 Rb8 16. Kc3 Nd4 17. e3 Nxc2 18. Kxc2 Ng4 19. Be2 f5 20. h3 Nxf2 21.
Rhf1 Ne4 22. Nxe4 fxe4 23. Rxf8+ Kxf8 24. Rf1+ Ke7 25. Rf4 Bb7 26. h4 Rf8 27.
Rxf8 Kxf8 28. a5 Ke7 29. Kc3 d5 30. g3 Kd6 31. b3 Ke5 32. Kd2 d4 33. exd4+ cxd4
34. b4 e3+ 35. Ke1 Ke4 36. Bg4 e5 37. b5 d3 38. Bd7 d2+ 39. Ke2 Kd4 40. Bc6 Bc8
0-1

[Event "III Open B"]
[Site "Omegna ITA"]
[Date "2015.08.09"]
[Round "4"]
[White "Maffeo, Mauro"]
[Black "Rivara, Massimo"]
[WhiteElo "1694"]
[BlackElo "1821"]
[Result "1-0"]
[PlyCount "63"]
[EventDate "2015.08.07"]

1. d4 Nf6 2. e3 g6 3. Bd3 Bg7 4. f4 d6 5. Nf3 Nbd7 6. O-O O-O 7. f5 c5 8. c3 b6
9. fxg6 hxg6 10. Nbd2 Ng4 11. Ne4 Bb7 12. Nfg5 Ndf6 13. Rf4 Nxe4 14. Bxe4 Bxe4
15. Qxg4 Bh6 16. Nxe4 Bxf4 17. exf4 d5 18. Ng5 Kg7 19. f5 Rh8 20. Bf4 Kg8 21.
fxg6 Qc8 22. gxf7+ Kf8 23. Qf3 cxd4 24. Be5 Rh6 25. Bxd4 Qc7 26. h3 Rd8 27. Re1
Rdd6 28. Rf1 Rdg6 29. Qxd5 Qc8 30. Qe5 Rh5 31. Rf5 e6 32. Qd6# 1-0

[Event "III Open B"]
[Site "Omegna ITA"]
[Date "2015.08.09"]
[Round "5"]
[White "Cella, Pietro"]
[Black "D'Aulisa, Francesco"]
[WhiteElo "1517"]
[BlackElo "1755"]
[Result "1/2-1/2"]
[PlyCount "69"]
[EventDate "2015.08.07"]

1. d4 e6 2. c4 d6 3. Nc3 Nd7 4. Nf3 h6 5. e4 Ne7 6. Bd3 b6 7. O-O Bb7 8. Re1 g5
9. Bc2 Rg8 10. e5 d5 11. Nd2 dxc4 12. Nxc4 Nd5 13. Nxd5 Bxd5 14. Ne3 c6 15.
Nxd5 cxd5 16. f4 gxf4 17. Bxf4 Qh4 18. Bg3 Qg4 19. Qxg4 Rxg4 20. Rad1 a6 21.
Rf1 Rc8 22. Bb3 b5 23. Bf2 Be7 24. Rc1 Nb6 25. Rxc8+ Nxc8 26. Rc1 Kd7 27. Bd1
Rg7 28. Bf3 Nb6 29. b3 Nc8 30. Rc2 Na7 31. Kf1 Nc6 32. Ke2 Nb4 33. Rb2 Bg5 34.
Be3 Bxe3 35. Kxe3 1/2-1/2

[Event "III Open B"]
[Site "Omegna ITA"]
[Date "2015.08.09"]
[Round "5"]
[White "Mantovan, Giuseppe"]
[Black "Ciochetta, Giovanni"]
[WhiteElo "1762"]
[BlackElo "1591"]
[Result "1-0"]
[PlyCount "137"]
[EventDate "2015.08.07"]

1. d4 Nf6 2. c4 g6 3. Nc3 d5 4. cxd5 Nxd5 5. e3 Bg7 6. Bd2 O-O 7. Nf3 Bg4 8. h3
Bxf3 9. Qxf3 c6 10. Bc4 Nxc3 11. bxc3 Nd7 12. Rb1 Nb6 13. Bb3 e6 14. h4 h6 15.
h5 Qd7 16. hxg6 fxg6 17. Qh3 Rae8 18. Qg3 Qf7 19. a4 Re7 20. a5 Nc8 21. c4 Rd7
22. Bc2 Ne7 23. Bb4 Nf5 24. Bxf5 Qxf5 25. O-O Rff7 26. Qb8+ Kh7 27. Qxa7 b5 28.
Qc5 bxc4 29. Qxf5 Rxf5 30. Bc5 Bf8 31. Bxf8 Rxf8 32. a6 Kg7 33. Rfc1 Ra7 34.
Rb6 Rfa8 35. Rxc4 Rxa6 36. Rcxc6 Rxb6 37. Rxb6 Kf7 38. Kh2 Ra2 39. Kg3 Ra5 40.
Rb7+ Kf6 41. Rb6 Rg5+ 42. Kh2 Rh5+ 43. Kg1 Ra5 44. g3 h5 45. Kg2 Rg5 46. e4 Kf7
47. Kh3 Ra5 48. e5 Ra4 49. Rd6 Ra2 50. f4 Rd2 51. Rd7+ Kf8 52. Kh4 Rd3 53. g4
hxg4 54. Kxg4 Rd1 55. Kg5 Ke8 56. Rd6 Ke7 57. Kxg6 Rg1+ 58. Kh5 Rh1+ 59. Kg4
Rg1+ 60. Kf3 Rf1+ 61. Ke3 Re1+ 62. Kf2 Re4 63. Kf3 Re1 64. d5 exd5 65. Rxd5
Rf1+ 66. Ke4 Rh1 67. Ra5 Rh5 68. f5 Rh4+ 69. Kd5 1-0

[Event "III Open B"]
[Site "Omegna ITA"]
[Date "2015.08.09"]
[Round "5"]
[White "Mattavelli, Italo"]
[Black "Buffat, Pierre-andre"]
[WhiteElo "1759"]
[BlackElo "1734"]
[Result "1/2-1/2"]
[PlyCount "63"]
[EventDate "2015.08.07"]

1. e4 d5 2. exd5 Qxd5 3. Nf3 Nc6 4. d4 Bg4 5. Be2 e6 6. c4 Qa5+ 7. Bd2 Bb4 8.
Nc3 Nf6 9. a3 Bxc3 10. Bxc3 Qh5 11. Qb3 O-O 12. Qxb7 Na5 13. Qxc7 Nb3 14. Rd1
Ne4 15. Bb4 Rfc8 16. Qf4 Nf6 17. h3 a5 18. Bc3 h6 19. O-O Bxh3 20. gxh3 Qxh3
21. Qg3 Qf5 22. Bd3 Nh5 23. Bxf5 Nxg3 24. Bxe6 Ne2+ 25. Kh2 fxe6 26. Rfe1 Nxc3
27. bxc3 Rxc4 28. Rxe6 a4 29. d5 Nc5 30. Ne5 Rh4+ 31. Kg3 Nxe6 32. Kxh4 1/2-1/2

[Event "III Open B"]
[Site "Omegna ITA"]
[Date "2015.08.09"]
[Round "5"]
[White "Panigoni, Giuseppe"]
[Black "Maffeo, Mauro"]
[WhiteElo "1722"]
[BlackElo "1694"]
[Result "1/2-1/2"]
[PlyCount "65"]
[EventDate "2015.08.07"]

1. e4 e6 2. d4 d5 3. Nd2 Be7 4. e5 c5 5. c3 Nc6 6. Qg4 Kf8 7. Nb3 h5 8. Qh3 c4
9. Nd2 g5 10. g4 h4 11. Qf3 Nh6 12. Nh3 Ke8 13. Be2 f6 14. exf6 Bxf6 15. O-O
Rf8 16. Qe3 Nf7 17. Nf3 Rg8 18. Bd2 Qe7 19. Rae1 Bd7 20. Bd1 Kf8 21. Bc1 Re8
22. b3 b5 23. Qd2 Qd8 24. bxc4 bxc4 25. Ba3+ Kg7 26. Bc1 Kh6 27. Nxh4 Kg7 28.
Nf3 Kf8 29. Ba3+ Be7 30. Bxe7+ Qxe7 31. Re3 Qf6 32. Kg2 Qh6 33. Ba4 1/2-1/2

[Event "III Open B"]
[Site "Omegna ITA"]
[Date "2015.08.09"]
[Round "5"]
[White "Pedemonte, Claudio"]
[Black "Del Nevo, Claudio"]
[WhiteElo "1736"]
[BlackElo "1808"]
[Result "1-0"]
[PlyCount "101"]
[EventDate "2015.08.07"]

1. c4 d6 2. e4 Nf6 3. Nc3 c6 4. Nf3 g6 5. d4 Bg7 6. Be2 Nbd7 7. O-O O-O 8. h3
Qc7 9. Be3 b6 10. Rc1 Bb7 11. b4 a6 12. Qd2 c5 13. bxc5 dxc5 14. d5 Ne5 15. Bf4
Nxf3+ 16. Bxf3 Qd7 17. e5 Ne8 18. Bg4 Qd8 19. Qe3 f6 20. exf6 Nxf6 21. Qe6+ Kh8
22. Qe3 Nxg4 23. hxg4 Qd7 24. Qg3 Bc8 25. f3 Bd4+ 26. Kh1 Bf6 27. Ne4 Qe8 28.
Rfe1 Qf7 29. Ng5 Qg7 30. Ne6 Bxe6 31. Rxe6 g5 32. Be5 b5 33. Bxf6 Rxf6 34. Rce1
Rxe6 35. Rxe6 bxc4 36. Qc7 c3 37. Rxe7 Qh6+ 38. Kg1 Qg6 39. Qe5+ Kg8 40. Qxc3
Rb8 41. Qxc5 Rb1+ 42. Kf2 Rb2+ 43. Kg3 Rc2 44. Qb4 Rc8 45. d6 Qh6 46. Kf2 a5
47. Qb3+ Kh8 48. Qb2+ Kg8 49. Qd2 Qg6 50. Qd5+ Kf8 51. Qe5 1-0

[Event "XVIII Weekend"]
[Site "Porto Sant'Elpidio ITA"]
[Date "2015.11.21"]
[Round "1"]
[White "Cappella, Leonardo"]
[Black "Iori, Massimiliano"]
[WhiteElo "1512"]
[BlackElo "1891"]
[Result "1/2-1/2"]
[PlyCount "61"]
[EventDate "2015.11.21"]

1. d4 Nf6 2. c4 e6 3. Nf3 b6 4. a3 Bb7 5. Nc3 d5 6. Bg5 Be7 7. Qc2 O-O 8. e3 a6
9. Bd3 Nbd7 10. cxd5 exd5 11. Rc1 c5 12. O-O c4 13. Be2 b5 14. Kh1 Qc7 15. Bf4
Bd6 16. Bxd6 Qxd6 17. Ng1 Rfe8 18. Bf3 Nf8 19. Nge2 Ng6 20. g3 h5 21. Nf4 Nxf4
22. gxf4 Bc8 23. Rg1 Bg4 24. Bxg4 hxg4 25. Rg2 Kf8 26. Rcg1 Ke7 27. f3 gxf3 28.
Rxg7 Rg8 29. Rxg8 Rxg8 30. Rxg8 Nxg8 31. Qf2 1/2-1/2

[Event "XVIII Weekend"]
[Site "Porto Sant'Elpidio ITA"]
[Date "2015.11.21"]
[Round "1"]
[White "Guglielmi, Dante"]
[Black "Cherchi, Cesare"]
[WhiteElo "1876"]
[BlackElo "1440"]
[Result "1-0"]
[PlyCount "41"]
[EventDate "2015.11.21"]

1. c4 Nf6 2. Nc3 e6 3. Nf3 d5 4. e3 c6 5. b3 Nbd7 6. Be2 Be7 7. O-O O-O 8. d4
b6 9. Bb2 Bb7 10. Rc1 Rc8 11. Qd3 c5 12. dxc5 Nxc5 13. Qb1 dxc4 14. Bxc4 Qc7
15. Be2 Qb8 16. Nb5 Be4 17. Qa1 Nd3 18. Rxc8 Rxc8 19. Bd4 a6 20. Nc3 Ng4 21.
Nxe4 1-0

[Event "XVIII Weekend"]
[Site "Porto Sant'Elpidio ITA"]
[Date "2015.11.21"]
[Round "1"]
[White "Marvulli, Michele"]
[Black "Miandro, Steven"]
[WhiteElo "1404"]
[BlackElo "1861"]
[Result "0-1"]
[PlyCount "108"]
[EventDate "2015.11.21"]

1. e4 c5 2. Nc3 Nc6 3. f4 g6 4. Nf3 Bg7 5. Bc4 e6 6. e5 d5 7. exd6 Qxd6 8. Ne4
Qe7 9. c3 Nf6 10. Nf2 O-O 11. O-O Rd8 12. Ng5 b6 13. Re1 h6 14. Nxf7 Qxf7 15.
Qe2 Nd5 16. g3 Na5 17. Bd3 a6 18. Qe4 Bb7 19. Qxg6 Qxg6 20. Bxg6 Nc7 21. d3 Nc6
22. Bd2 Ne7 23. Bh5 Rd6 24. Bg4 Rad8 25. Rad1 Bc6 26. Bc1 Bb5 27. Be2 Nf5 28.
g4 Nh4 29. h3 a5 30. Kh2 a4 31. a3 Ng6 32. Kg3 Bf6 33. g5 Bg7 34. h4 hxg5 35.
fxg5 Be5+ 36. Kg4 Bg7 37. Ne4 R6d7 38. Nf6+ Bxf6 39. gxf6 Ne5+ 40. Kh3 Bxd3 41.
Rg1+ Kh8 42. Bh5 Bf5+ 43. Kh2 Rxd1 44. Bxd1 Ne8 45. Bg5 Rd5 46. c4 Rd4 47. f7
Nxf7 48. Bh5 Nxg5 49. Rxg5 Nf6 50. Bf7 Rxh4+ 51. Kg3 Rd4 52. Bxe6 Ne4+ 53. Kf4
Nxg5+ 54. Kxf5 Nxe6 0-1

[Event "XVIII Weekend"]
[Site "Porto Sant'Elpidio ITA"]
[Date "2015.11.21"]
[Round "1"]
[White "Padovani, Alessio"]
[Black "Vannicola, Roberto"]
[WhiteElo "1895"]
[BlackElo "1540"]
[Result "1-0"]
[PlyCount "73"]
[EventDate "2015.11.21"]

1. e4 c6 2. d4 d5 3. Bd3 dxe4 4. Bxe4 Nf6 5. Bf3 Bf5 6. Ne2 e6 7. O-O Be7 8.
Ng3 Bg6 9. Be3 O-O 10. c4 Nbd7 11. Qd2 a5 12. a3 a4 13. Nc3 Ra6 14. Rfd1 Nb6
15. Qe2 Qc7 16. Rac1 Rd8 17. d5 exd5 18. Bxb6 Qxb6 19. Qxe7 Re8 20. Qb4 dxc4
21. Qxc4 Qxb2 22. Rb1 Bxb1 23. Rxb1 Qxa3 24. Rxb7 Qc1+ 25. Nf1 Rf8 26. Qxa6
Qxc3 27. Qxc6 Qd4 28. Qa6 Nd7 29. Qa7 Nc5 30. Rxf7 Ne6 31. Rd7 Qxa7 32. Rxa7
Nc5 33. Bd5+ Kh8 34. Ne3 h6 35. Ra8 Rxa8 36. Bxa8 Ne4 37. Bxe4 1-0

[Event "XVIII Weekend"]
[Site "Porto Sant'Elpidio ITA"]
[Date "2015.11.21"]
[Round "1"]
[White "Peretti, Feliciano"]
[Black "Pocognoli, Gianfranco"]
[WhiteElo "1170"]
[BlackElo "1752"]
[Result "0-1"]
[PlyCount "130"]
[EventDate "2015.11.21"]

1. e4 e6 2. d4 d5 3. Nc3 Nf6 4. e5 Nfd7 5. Nf3 c5 6. Be3 Nc6 7. dxc5 Ndxe5 8.
Bb5 Bd7 9. Bxc6 Nxf3+ 10. Qxf3 Bxc6 11. Qf4 f6 12. O-O-O e5 13. Qb4 a5 14. Qg4
Bd7 15. Qf3 d4 16. Qxb7 Qc8 17. Qxc8+ Rxc8 18. Bxd4 exd4 19. Rxd4 Bxc5 20. Re1+
Kd8 21. Rd5 Re8 22. Red1 Re7 23. Na4 Bxf2 24. Rxa5 Ke8 25. Nc3 Re1 26. Rad5
Rxd1+ 27. Nxd1 Ba7 28. b3 Bg4 29. Nb2 Rd8 30. Rb5 Bd4 31. a4 Be5 32. h3 Be2 33.
Rb6 Bf1 34. a5 Bc7 35. Re6+ Kf7 36. Rc6 Bxa5 37. Nc4 Bxc4 38. Rxc4 Rb8 39. Rh4
h6 40. Rd4 Rd8 41. Re4 Rb8 42. Ra4 Bc3 43. Ra7+ Kg6 44. Rc7 Be5 45. Rc4 Ra8 46.
Rg4+ Kf7 47. Ra4 Rxa4 48. bxa4 Ke7 49. Kb1 Kd6 50. Ka2 Kc5 51. Kb3 g5 52. g4 f5
53. gxf5 h5 54. a5 g4 55. hxg4 hxg4 56. a6 Kb6 57. c4 g3 58. c5+ Kxa6 59. Kc4
g2 60. Kd5 Bb2 61. Ke6 g1=Q 62. f6 Qe3+ 63. Kf7 Qf4 64. c6 Qxf6+ 65. Ke8 Qxc6+
0-1

[Event "XVIII Weekend"]
[Site "Porto Sant'Elpidio ITA"]
[Date "2015.11.21"]
[Round "1"]
[White "Perogio, Lorenzo"]
[Black "Marzetti, Alessandro"]
[WhiteElo "1810"]
[BlackElo "1252"]
[Result "1-0"]
[PlyCount "53"]
[EventDate "2015.11.21"]

1. e4 g6 2. d4 Bg7 3. g3 c5 4. c3 cxd4 5. cxd4 d5 6. e5 Nh6 7. Bg2 Nc6 8. Ne2
Bg4 9. f3 Bf5 10. O-O Qd7 11. g4 Bxb1 12. Rxb1 O-O 13. Be3 Rac8 14. Qd2 Nxg4
15. fxg4 Qxg4 16. Rbc1 Nxe5 17. dxe5 Bxe5 18. Bf4 Bf6 19. Nc3 e6 20. Kh1 Rfd8
21. Qf2 Bg7 22. Bg3 Rd7 23. Qf3 Qb4 24. Nxd5 exd5 25. Rxc8+ Bf8 26. Qf6 d4 27.
Be5 1-0

[Event "XVIII Weekend"]
[Site "Porto Sant'Elpidio ITA"]
[Date "2015.11.21"]
[Round "1"]
[White "Rinaudo, Andrea"]
[Black "Ciarloni, Giuseppe"]
[WhiteElo "1997"]
[BlackElo "1684"]
[Result "1-0"]
[PlyCount "91"]
[EventDate "2015.11.21"]

1. e4 c5 2. Nf3 d6 3. Bb5+ Bd7 4. Bxd7+ Qxd7 5. c4 Nc6 6. d4 cxd4 7. Nxd4 g6 8.
Be3 Bg7 9. Nc3 Nf6 10. f3 O-O 11. O-O Rfc8 12. b3 a6 13. Rc1 Rc7 14. Na4 Qe8
15. Nb6 Rb8 16. Ne2 Nd7 17. Nd5 Rcc8 18. Qd2 Qd8 19. Rfd1 Bf8 20. Bg5 f6 21.
Be3 e6 22. Ndf4 Qe7 23. Nc3 Qf7 24. h3 Nce5 25. Nd3 Nxd3 26. Qxd3 Ne5 27. Qd2
Be7 28. Na4 Rc6 29. Nc3 Qe8 30. Ne2 b5 31. Nd4 Rcc8 32. cxb5 axb5 33. Nxe6 Rxc1
34. Rxc1 Qd7 35. Qd5 Kh8 36. Rc7 Qe8 37. Bh6 Rc8 38. Bg7+ Kg8 39. Bh6 Kh8 40.
Qb7 Rxc7 41. Nxc7 Qd7 42. Qa8+ Bd8 43. Nd5 Nf7 44. Nxf6 Qc7 45. Bg7+ Kxg7 46.
Ne8+ 1-0

[Event "XVIII Weekend"]
[Site "Porto Sant'Elpidio ITA"]
[Date "2015.11.21"]
[Round "1"]
[White "Sagripanti, Michele"]
[Black "Lattanzi, Matteo"]
[WhiteElo "2153"]
[BlackElo "1734"]
[Result "1-0"]
[PlyCount "65"]
[EventDate "2015.11.21"]

1. d4 Nf6 2. c4 e6 3. Nf3 c5 4. d5 exd5 5. cxd5 d6 6. Nc3 g6 7. e4 Nbd7 8. Bd3
Bg7 9. Bf4 O-O 10. O-O Nb6 11. h3 a6 12. a4 Nh5 13. Bh2 Rb8 14. a5 Na8 15. Nd2
b5 16. axb6 Nxb6 17. Bxa6 Bxa6 18. Rxa6 Re8 19. Nb5 Bf8 20. Qf3 Qd7 21. Ra7 Rb7
22. Rxb7 Qxb7 23. Nxd6 Bxd6 24. Bxd6 Nd7 25. Qc3 Qb6 26. Nc4 Qa6 27. f3 f5 28.
e5 Nf4 29. Qb3 Kg7 30. e6 Ne2+ 31. Kh2 Nf8 32. Be5+ Kg8 33. Qd3 1-0

[Event "XVIII Weekend"]
[Site "Porto Sant'Elpidio ITA"]
[Date "2015.11.21"]
[Round "1"]
[White "Serpilli, Francesco"]
[Black "Santinelli, Michele"]
[WhiteElo "1564"]
[BlackElo "1961"]
[Result "1-0"]
[PlyCount "123"]
[EventDate "2015.11.21"]

1. d4 Nf6 2. c4 e6 3. Nf3 b6 4. a3 Bb7 5. Nc3 d5 6. cxd5 Nxd5 7. Qc2 Nxc3 8.
bxc3 Be7 9. e4 O-O 10. Bd3 c5 11. O-O Nc6 12. Bb2 Rc8 13. Qe2 Qd7 14. Rfd1 cxd4
15. cxd4 Qc7 16. Rac1 Qb8 17. Bb1 Rfe8 18. Qd3 Qf4 19. Rc3 Nb8 20. Rdc1 Ba6 21.
Rxc8 Bxc8 22. e5 g6 23. Rc7 a5 24. Bc1 Qg4 25. Qb5 Rd8 26. Rxe7 Bd7 27. Qxb6
Rc8 28. Bd2 Kf8 29. Rxd7 Nxd7 30. Qd6+ Ke8 31. h3 Qh5 32. Bg5 f6 33. Qxe6+ Kd8
34. Bxf6+ Nxf6 35. Qxf6+ Ke8 36. Qe6+ Kd8 37. Qd6+ Ke8 38. Qe6+ Kd8 39. Qg8+
Kc7 40. Qf7+ Kb6 41. Qe6+ Rc6 42. Qb3+ Kc7 43. Qf7+ Kb6 44. Qb3+ Kc7 45. Qe3 g5
46. Be4 Rb6 47. Qc3+ Kb8 48. Qxa5 Qh6 49. Qa8+ Kc7 50. Qa7+ Kd8 51. Nxg5 Ke8
52. Qa8+ Ke7 53. Qa7+ Ke8 54. Qf7+ Kd8 55. Qd5+ Kc8 56. Bf5+ Kb8 57. Qd8+ Ka7
58. Qc7+ Ka6 59. Bd3+ Rb5 60. Bxb5+ Kxb5 61. Qc5+ Ka6 62. Qd6+ 1-0

[Event "XVIII Weekend"]
[Site "Porto Sant'Elpidio ITA"]
[Date "2015.11.21"]
[Round "1"]
[White "Squadrani, Giovanni"]
[Black "Rinaudo, Sergio"]
[WhiteElo "1719"]
[BlackElo "2098"]
[Result "0-1"]
[PlyCount "90"]
[EventDate "2015.11.21"]

1. e4 e5 2. Nf3 Nf6 3. Nxe5 d6 4. Nf3 Nxe4 5. c4 Be7 6. Nc3 Nxc3 7. bxc3 O-O 8.
d4 d5 9. Bd3 c5 10. O-O cxd4 11. cxd4 Nc6 12. c5 Bg4 13. Be2 Bf6 14. Be3 Re8
15. Qd3 Re4 16. Rfd1 Qe7 17. Rab1 Re8 18. h3 Bf5 19. Kf1 g6 20. Qb3 Rxe3 21.
fxe3 Bxb1 22. Rxb1 Nxd4 23. Nxd4 Bxd4 24. exd4 Qxe2+ 25. Kg1 Qe4 26. Rd1 Qe3+
27. Qxe3 Rxe3 28. Rb1 Re7 29. Kf2 Kf8 30. Kf3 Ke8 31. Rb2 Kd8 32. Rb3 Kc7 33.
a4 Re4 34. Rb4 a5 35. Rb5 Rxd4 36. Rxa5 Kc6 37. Ke3 Rc4 38. Ra8 Kxc5 39. Rf8
Rxa4 40. Rxf7 Ra3+ 41. Kd2 h5 42. Rxb7 Ra2+ 43. Kd1 Rxg2 44. Rb3 Kc4 45. Rf3 d4
0-1

[Event "XVIII Weekend"]
[Site "Porto Sant'Elpidio ITA"]
[Date "2015.11.22"]
[Round "2"]
[White "Cherchi, Cesare"]
[Black "Squadrani, Giovanni"]
[WhiteElo "1440"]
[BlackElo "1719"]
[Result "0-1"]
[PlyCount "50"]
[EventDate "2015.11.21"]

1. e4 c5 2. Nf3 d6 3. d4 cxd4 4. Nxd4 Nf6 5. Nc3 g6 6. Be2 Bg7 7. O-O Nc6 8.
Be3 O-O 9. f3 Bd7 10. Qd2 Rc8 11. Rfd1 a6 12. Bh6 Bxh6 13. Qxh6 Qb6 14. Qd2 e5
15. Qg5 Kg7 16. Kh1 Nxd4 17. Bd3 Qxb2 18. Nd5 Nxd5 19. exd5 Qa3 20. Qe7 Bf5 21.
Bxf5 Nxf5 22. Qxb7 Rxc2 23. Qb1 Rfc8 24. Qb3 Qb2 25. Rdb1 Rc1+ 0-1

[Event "XVIII Weekend"]
[Site "Porto Sant'Elpidio ITA"]
[Date "2015.11.22"]
[Round "2"]
[White "Ciarloni, Giuseppe"]
[Black "Marvulli, Michele"]
[WhiteElo "1684"]
[BlackElo "1404"]
[Result "1-0"]
[PlyCount "67"]
[EventDate "2015.11.21"]

1. d4 c5 2. e4 cxd4 3. Nf3 Nc6 4. Nxd4 Qa5+ 5. Nc3 Nf6 6. Nxc6 dxc6 7. Bd2 Qb4
8. Bd3 Qxb2 9. O-O Qb6 10. e5 Bg4 11. Be2 Bxe2 12. Qxe2 Nd5 13. Nxd5 cxd5 14.
Rab1 Qc6 15. Rb3 e6 16. Rc3 Qd7 17. Rb1 b6 18. Qg4 Rc8 19. Rbb3 g6 20. Bg5 Bg7
21. Bf6 O-O 22. Qh4 d4 23. Rxc8 Rxc8 24. Rd3 Rxc2 25. h3 Rc4 26. Qf4 a5 27. h4
b5 28. h5 b4 29. Bxg7 Kxg7 30. Qf6+ Kh6 31. Qf4+ Kg7 32. Qf6+ Kf8 33. hxg6 hxg6
34. Rh3 1-0

[Event "XVIII Weekend"]
[Site "Porto Sant'Elpidio ITA"]
[Date "2015.11.22"]
[Round "2"]
[White "Iori, Massimiliano"]
[Black "Piergentili, Roberto"]
[WhiteElo "1891"]
[BlackElo "1776"]
[Result "1-0"]
[PlyCount "51"]
[EventDate "2015.11.21"]

1. Nf3 d5 2. d4 Nf6 3. Bf4 c5 4. e3 Nc6 5. dxc5 e6 6. Nbd2 Bxc5 7. c3 Be7 8. h3
O-O 9. Bd3 Re8 10. e4 e5 11. Bh2 Bd6 12. O-O dxe4 13. Nxe4 Nxe4 14. Bxe4 f5 15.
Bd5+ Kh8 16. Qa4 Qc7 17. Ng5 h6 18. Nf7+ Kh7 19. Nxd6 Qxd6 20. Rad1 Qf6 21.
Rfe1 Bd7 22. f4 Rad8 23. fxe5 Nxe5 24. Qxa7 Nc6 25. Qxb7 Rxe1+ 26. Rxe1 1-0

[Event "XVIII Weekend"]
[Site "Porto Sant'Elpidio ITA"]
[Date "2015.11.22"]
[Round "2"]
[White "Miandro, Steven"]
[Black "Sagripanti, Michele"]
[WhiteElo "1861"]
[BlackElo "2153"]
[Result "1/2-1/2"]
[PlyCount "30"]
[EventDate "2015.11.21"]

1. d4 d6 2. c4 e5 3. Nf3 Nc6 4. Nc3 Bg4 5. d5 Nb8 6. e4 Nd7 7. Be3 Be7 8. Be2
Ngf6 9. O-O O-O 10. h3 Bh5 11. b4 Ne8 12. Nd2 Bxe2 13. Qxe2 Bg5 14. Rac1 g6 15.
c5 Bxe3 1/2-1/2

[Event "XVIII Weekend"]
[Site "Porto Sant'Elpidio ITA"]
[Date "2015.11.22"]
[Round "2"]
[White "Pocognoli, Gianfranco"]
[Black "Rinaudo, Andrea"]
[WhiteElo "1752"]
[BlackElo "1997"]
[Result "0-1"]
[PlyCount "94"]
[EventDate "2015.11.21"]

1. d4 d5 2. e3 Nf6 3. f4 Bf5 4. Bd3 Bxd3 5. Qxd3 c6 6. Nf3 Nbd7 7. Nbd2 e6 8.
c3 Bd6 9. g3 O-O 10. O-O Qe7 11. Ne5 Rad8 12. Qe2 Ne4 13. Qg2 Nxd2 14. Bxd2 Nf6
15. Nd3 Ne4 16. Be1 a6 17. Nf2 Nxf2 18. Rxf2 f5 19. g4 Rd7 20. g5 g6 21. Qf3 c5
22. Bd2 b5 23. a3 Rc7 24. b4 c4 25. h4 a5 26. Be1 axb4 27. axb4 Ra7 28. Rfa2
Rfa8 29. Qe2 Qb7 30. Qc2 Ra6 31. Bd2 R8a7 32. Rxa6 Rxa6 33. Rf1 Qa7 34. Bc1 Ra2
35. Bb2 Qa3 36. Rf2 Qa4 37. Kg2 Kf7 38. Kh3 Ke7 39. Kg3 Kd7 40. Kf3 Kc6 41. Rh2
Kb6 42. Qe2 Bxb4 43. cxb4 c3 44. Bxc3 Rxe2 45. Rxe2 Qb3 46. Bd2 Qd1 47. Be1 Qb1
0-1